02249nam a2200325 i 4500001001000000003000900010005001700019007000300036008003500039040003100074049000600105082003100111245009300142250003800235264005900273300004400332336002700376337003300403338002800436505099900464590002701463651005801490651006501548700003901613710007301652910004101725942001201766952012801778999001701906000020191DO-SdBPM20250822085411.0ta100727s2008 dr a 000 0 spa d aDO-SdBPMbspacBPMSU erda a  4a972.93054 bH887h 200822200aHuellas de héroes, Abril 1965, efemérides de una gesta /cdibujos: Rafael Hutchinson a2a. edición ampliada y revisada aSanto Domingo :bTalleres Gráficos 16,bCPEP,c2008. a17 [2] páginasbilustracionesc22 cm. 2rdacontentatextobtxt 2rdamediaasin mediaciónbn 2rdacarrieravolumenbnc0 aPresentación. 1 - José Francisco Peña Gómez convoca a la revoluciona constitucionalista. 2 - Derrocamiento del Triunvirato presidido por Donald J. Reid Cabral. 3 - Bombardeos sobre Palacio y Puente Duarte. La Batalla del Puente. 4 - Invasión militar de Estados Unidos. 5 - Establecimiento del "Corredor de seguridad". 6. - Los Constitucionalistas se atrincheran en 11 barrios de Santo Domingo. 7. - Tomas de la Fortaleza Ozama por los Constitucionalistas. 9 - juramentación del Gobierno Constitucionalista. 10. - Creación de la Fuerza Interamericana de Paz. 11 - Asalto al Palacio Nacional 12 - Asedio de Santo Domingo desde la azotea de Molinos Dominicanos. 13 - Ataques norteamericanos a la 15 y 16 de junio. 14 - Segundo ataque norteamericano a la Zona Constitucionalista. 15 - Firma de los acuerdos de paz. 16 - Renuncia del presidente Francisco Alberto Caamaño Deño. 17. - Toma de posesión del gobierno provisional de Héctor García-Godoy. 18 - Regreso de Juan Bosch aInventariado, 2025/ VM 7aRepública dominicanaxHistoriayRevolución, 1965  7aRepública Dominicana xHistoria yGolpe de Estado, 1963 1 aHutchinson, Rafaeleilustración 2 aRepública DominicanabComisión Permanente de Efemérides Patria aVMateo V. Control de dalidad. BPMSU  2ddccBK 00102ddc40708CDaBPMETbBPMETd2025-08-22l0oBPMSU CD 972.93054 H887h 2008pBPMSU25080067r2025-08-22w2025-08-22yBK c15350d15350